[Event "9th Paul Keres mem"]
[Site "Tallinn URS"]
[Date "1985.02.21"]
[Round "1"]
[White "Karner, Hillar"]
[Black "Kiik, Kalle"]
[Result "0-1"]
[WhiteElo "2390"]
[BlackElo "2200"]
[EventDate "1985.02.21"]
[PlyCount "148"]

1.d4 d5 2.c4 e6 3.Nf3 Nf6 4.Nc3 Be7 5.g3 b6 6.Bg2 Bb7 7.Qa4+ c6 8.cxd5 
exd5 9.Ne5 O-O 10.O-O Qc8 11.Bf4 c5 12.dxc5 Bxc5 13.Rad1 d4 14.Bxb7 Qxb7 
15.Nb5 Nc6 16.Nxc6 Qxc6 17.Qc4 Qd7 18.Be5 Qf5 19.Bxf6 Qxf6 20.b4 Be7 21.
Nxd4 Rac8 22.Qb3 Rfd8 23.e3 h5 24.b5 h4 25.Nc6 Re8 26.Rd4 Qg6 27.Qd3 Qxd3 
28.Rxd3 Bc5 29.Rfd1 hxg3 30.hxg3 a6 31.a4 axb5 32.axb5 Ra8 33.Kg2 Ra2 34.
R1d2 Rea8 35.Ne5 Rxd2 36.Rxd2 f6 37.Nc6 Ra3 38.Rd7 Rb3 39.Nd8 Rxb5 40.Ne6 
g5 41.Rg7+ Kh8 42.Rf7 Kg8 43.Rxf6 Be7 44.Rh6 Kf7 45.Nc7 Rb2 46.Rh7+ Kf8 
47.Ne6+ Ke8 48.Nc7+ Kf8 49.Nd5 Bc5 50.Rh5 b5 51.Rxg5 b4 52.Nc3 Be7 53.Rf5+
Ke8 54.Nd5 Bd6 55.Rf6 Bf8 56.Rb6 Kd7 57.Nf4 Kc7 58.Rf6 Bd6 59.Ne6+ Kc6 60.
Ng5 Kd5 61.e4+ Kc5 62.Nf7 Bc7 63.Ng5 Bd6 64.Nf3 Re2 65.Rf5+ Kb6 66.e5 Bc5 
67.Ng1 Re1 68.Nh3 b3 69.Rf3 Be3 70.Nf4 b2 71.Nd5+ Kc5 72.Nc3 Kc4 73.e6 Bd2
74.Nb1 Bg5 0-1

[Event "9th Paul Keres mem"]
[Site "Tallinn URS"]
[Date "1985.02.21"]
[Round "1"]
[White "Pribyl, Josef"]
[Black "Gavrikov, Viktor"]
[Result "1/2-1/2"]
[WhiteElo "2405"]
[BlackElo "2550"]
[EventDate "1985.02.21"]
[PlyCount "22"]

1.d4 e6 2.e4 c5 3.d5 exd5 4.exd5 d6 5.Nf3 Nf6 6.Bb5+ Nbd7 7.a4 Be7 8.O-O 
O-O 9.Re1 Rb8 10.Bf1 Re8 11.c4 Bf8 1/2-1/2

[Event "9th Paul Keres mem"]
[Site "Tallinn URS"]
[Date "1985.02.21"]
[Round "1"]
[White "Veingold, Aleksander"]
[Black "Tal, Mikhail"]
[Result "1/2-1/2"]
[WhiteElo "2435"]
[BlackElo "2565"]
[EventDate "1985.02.21"]
[PlyCount "80"]

1.e4 e5 2.Nf3 Nc6 3.Bb5 a6 4.Ba4 Nf6 5.O-O Nxe4 6.d4 b5 7.Bb3 d5 8.dxe5 
Be6 9.Nbd2 Nc5 10.c3 Bg4 11.Bc2 Be7 12.Re1 Qd7 13.Nf1 Bh5 14.Ne3 Rd8 15.b4
Ne6 16.Nxd5 Qxd5 17.Qxd5 Rxd5 18.Be4 Nxb4 19.cxb4 Bxf3 20.Bxf3 Bxb4 21.
Bxd5 Bxe1 22.Bc6+ Ke7 23.Ba3+ b4 24.Rxe1 bxa3 25.Re3 Rd8 26.g3 Nd4 27.Be4 
Nb5 28.Bd3 c5 29.Kf1 h6 30.h4 Rd4 31.Bxb5 axb5 32.Rxa3 Ke6 33.Ra5 Rb4 34.
a4 Kxe5 35.axb5 c4 36.Ra7 c3 37.Ke2 Kd4 38.Rd7+ Kc4 39.Rc7+ Kd4 40.Rd7+ 
Kc4 1/2-1/2

[Event "9th Paul Keres mem"]
[Site "Tallinn URS"]
[Date "1985.02.21"]
[Round "1"]
[White "Yrjola, Jouni"]
[Black "Drasko, Milan"]
[Result "1/2-1/2"]
[WhiteElo "2500"]
[BlackElo "2460"]
[EventDate "1985.02.21"]
[PlyCount "34"]

1.d4 d5 2.c4 dxc4 3.e3 Nf6 4.Bxc4 e6 5.Nf3 c5 6.O-O a6 7.Qe2 b5 8.Bb3 Bb7 
9.Rd1 Nbd7 10.Nc3 Qb6 11.d5 e5 12.e4 c4 13.Bc2 Rc8 14.Rb1 Bc5 15.Bd2 a5 
16.b3 cxb3 17.Rxb3 b4 1/2-1/2

[Event "9th Paul Keres mem"]
[Site "Tallinn URS"]
[Date "1985.02.22"]
[Round "2"]
[White "Dolmatov, Sergei"]
[Black "Karner, Hillar"]
[Result "1-0"]
[WhiteElo "2540"]
[BlackElo "2390"]
[EventDate "1985.02.21"]
[PlyCount "39"]

1.e4 e5 2.Nf3 Nf6 3.Nxe5 d6 4.Nf3 Nxe4 5.d4 d5 6.Bd3 Nc6 7.O-O Be7 8.c4 
Nf6 9.Nc3 O-O 10.h3 Nb4 11.Be2 Bf5 12.a3 Nc6 13.Bf4 dxc4 14.Bxc4 Ne8 15.
Bd5 Bd6 16.Ne5 Ne7 17.Bxb7 Rb8 18.Qf3 c6 19.Nxc6 Nxc6 20.Bxc6 1-0

[Event "9th Paul Keres mem"]
[Site "Tallinn URS"]
[Date "1985.02.22"]
[Round "2"]
[White "Gavrikov, Viktor"]
[Black "Yrjola, Jouni"]
[Result "1-0"]
[WhiteElo "2550"]
[BlackElo "2500"]
[EventDate "1985.02.21"]
[PlyCount "75"]

1.e4 c5 2.Nf3 d6 3.d4 cxd4 4.Nxd4 Nf6 5.Nc3 g6 6.f4 Nc6 7.Be2 Bg7 8.Nb3 
O-O 9.Be3 a5 10.a4 Be6 11.O-O Nd7 12.Rb1 Nb6 13.Nd4 Bc4 14.Ndb5 Rc8 15.b3 
Bxe2 16.Nxe2 Nd7 17.Ng3 Nb4 18.Rf2 Na2 19.e5 Nc3 20.Nxc3 Rxc3 21.Qd2 Rc6 
22.Rd1 Re8 23.Ne4 Nf8 24.c4 Qc8 25.exd6 exd6 26.Nc3 Ne6 27.Nb5 Qb8 28.Qxa5
Nc5 29.Bxc5 dxc5 30.g3 Rce6 31.Qd2 Re3 32.Qc2 b6 33.Rd5 h5 34.f5 h4 35.
fxg6 fxg6 36.Qxg6 R8e7 37.Rh5 Re1+ 38.Kg2 1-0

[Event "9th Paul Keres mem"]
[Site "Tallinn URS"]
[Date "1985.02.22"]
[Round "2"]
[White "Kiik, Kalle"]
[Black "Karolyi, Tibor"]
[Result "1/2-1/2"]
[WhiteElo "2200"]
[BlackElo "2445"]
[EventDate "1985.02.21"]
[PlyCount "54"]

1.e4 c5 2.Nf3 d6 3.d4 cxd4 4.Nxd4 Nf6 5.Nc3 a6 6.Be2 e6 7.f4 Be7 8.O-O O-O
9.Kh1 Qc7 10.a4 Nc6 11.Be3 Rd8 12.Qe1 Nxd4 13.Bxd4 e5 14.Be3 exf4 15.Bxf4 
Be6 16.Qg3 Nd7 17.Bg4 Re8 18.Rad1 Ne5 19.Bxe6 fxe6 20.Ne2 Bf6 21.Nd4 Rad8 
22.b3 Ng6 23.Bg5 Bxg5 24.Qxg5 d5 25.exd5 Rxd5 26.Qe3 Qd7 27.Qe2 e5 1/2-1/2

[Event "9th Paul Keres mem"]
[Site "Tallinn URS"]
[Date "1985.02.22"]
[Round "2"]
[White "Rogers, Ian"]
[Black "Veingold, Aleksander"]
[Result "1/2-1/2"]
[WhiteElo "2485"]
[BlackElo "2435"]
[EventDate "1985.02.21"]
[PlyCount "99"]

1.d4 Nf6 2.c4 g6 3.Nc3 d5 4.Nf3 Bg7 5.Bf4 O-O 6.Rc1 dxc4 7.e3 Be6 8.Ng5 
Bd5 9.e4 h6 10.exd5 hxg5 11.Bxg5 Nxd5 12.Bxc4 Nb6 13.Bb3 Nc6 14.d5 Nd4 15.
O-O Qd7 16.a3 Rac8 17.Ba2 c5 18.dxc6 Rxc6 19.Re1 e5 20.Ne4 Rfc8 21.Rxc6 
Rxc6 22.h4 Nd5 23.Be3 Kf8 24.Ng5 Bf6 25.Bxd4 exd4 26.Qf3 Bxg5 27.hxg5 Nc7 
28.Rd1 Ne6 29.Qf6 d3 30.Bxe6 Rxe6 31.Qc3 Rd6 32.Qh8+ Ke7 33.Re1+ Re6 34.
Qf6+ Kd6 35.Qf4+ Ke7 36.Qf6+ Kd6 37.Qd4+ Kc7 38.Rc1+ Rc6 39.Rxc6+ Kxc6 40.
Qc4+ Kb6 41.Kf1 d2 42.Qb3+ Ka6 43.Ke2 Qd4 44.Kd1 Qxf2 45.Qd3+ Kb6 46.Qd6+ 
Kb5 47.Qb4+ Ka6 48.Qc4+ Kb6 49.Qb4+ Ka6 50.Qd6+ 1/2-1/2

[Event "9th Paul Keres mem"]
[Site "Tallinn URS"]
[Date "1985.02.23"]
[Round "3"]
[White "Drasko, Milan"]
[Black "Gavrikov, Viktor"]
[Result "1-0"]
[WhiteElo "2460"]
[BlackElo "2550"]
[EventDate "1985.02.21"]
[PlyCount "71"]

1.Nf3 g6 2.c4 Bg7 3.d4 Nf6 4.Nc3 d5 5.e3 O-O 6.b4 c6 7.Bb2 Ne4 8.Bd3 Nxc3 
9.Bxc3 dxc4 10.Bxc4 Nd7 11.e4 Nb6 12.Bb3 Bg4 13.O-O Qd6 14.h3 Be6 15.Rc1 
Rad8 16.a4 Na8 17.d5 Bxc3 18.dxe6 Qxd1 19.exf7+ Kg7 20.Rfxd1 Bxb4 21.Ne5 
Bd6 22.Nd3 e5 23.g3 g5 24.f4 exf4 25.e5 Be7 26.gxf4 gxf4 27.Nxf4 Nc7 28.
Kf2 Kh6 29.Rxd8 Rxd8 30.Kf3 c5 31.Rg1 b6 32.Rg8 Rf8 33.Ne2 b5 34.Ng3 c4 
35.Nf5+ Kh5 36.Bd1 1-0

[Event "9th Paul Keres mem"]
[Site "Tallinn URS"]
[Date "1985.02.23"]
[Round "3"]
[White "Karolyi, Tibor"]
[Black "Dolmatov, Sergei"]
[Result "0-1"]
[WhiteElo "2445"]
[BlackElo "2540"]
[EventDate "1985.02.21"]
[PlyCount "46"]

1.d4 f5 2.Nf3 Nf6 3.g3 g6 4.b3 Bg7 5.Bb2 c5 6.Bg2 cxd4 7.O-O O-O 8.Nxd4 d5
9.e3 Re8 10.Na3 e5 11.Ne2 Nc6 12.c4 Be6 13.cxd5 Bxd5 14.Bxd5+ Qxd5 15.
Qxd5+ Nxd5 16.Nc2 Rad8 17.Rad1 Kf7 18.Nc1 g5 19.Rfe1 Nf6 20.Kf1 g4 21.Nd3 
Ne4 22.h4 gxh3 23.Ke2 Rd6 0-1

[Event "9th Paul Keres mem"]
[Site "Tallinn URS"]
[Date "1985.02.23"]
[Round "3"]
[White "Pribyl, Josef"]
[Black "Tal, Mikhail"]
[Result "0-1"]
[WhiteElo "2405"]
[BlackElo "2565"]
[EventDate "1985.02.21"]
[PlyCount "87"]

1.d4 Nf6 2.Nf3 e6 3.Bg5 c5 4.e3 Be7 5.Be2 b6 6.O-O Bb7 7.c3 Nc6 8.Nbd2 O-O
9.Re1 d5 10.Bd3 Nd7 11.Bxe7 Qxe7 12.Qe2 Rfe8 13.Rad1 Rad8 14.Bb5 e5 15.
dxe5 Ncxe5 16.Nxe5 Qxe5 17.Qg4 Re6 18.Qg3 Qxg3 19.hxg3 Nf6 20.f3 h5 21.Kf2
g6 22.Nb3 Red6 23.Nc1 Bc8 24.Rd2 Kf8 25.Red1 Ke7 26.Ne2 Bf5 27.c4 Bd7 28.
e4 Bxb5 29.e5 Bxc4 30.exd6+ Rxd6 31.b3 Ba6 32.Nf4 d4 33.Re1+ Kd7 34.Re5 
Kc6 35.Rd1 Bc8 36.Ke2 Be6 37.Kd2 Nd5 38.Nxd5 Rxd5 39.Rde1 b5 40.Rxd5 Kxd5 
41.a3 c4 42.bxc4+ bxc4 43.Rb1 c3+ 44.Ke1 0-1

[Event "9th Paul Keres mem"]
[Site "Tallinn URS"]
[Date "1985.02.23"]
[Round "3"]
[White "Yrjola, Jouni"]
[Black "Kochiev, Alexander"]
[Result "1/2-1/2"]
[WhiteElo "2500"]
[BlackElo "2465"]
[EventDate "1985.02.21"]
[PlyCount "55"]

1.d4 Nf6 2.Nf3 g6 3.c4 Bg7 4.g3 O-O 5.Bg2 d6 6.O-O Nbd7 7.Nc3 e5 8.e4 a6 
9.Re1 exd4 10.Nxd4 Ng4 11.h3 Qf6 12.Nf3 Nge5 13.Nxe5 Nxe5 14.Qe2 Be6 15.
Nd5 Qd8 16.Be3 b5 17.b3 bxc4 18.bxc4 c6 19.Nb6 Rb8 20.Rab1 c5 21.Nd5 Qd7 
22.f4 Nc6 23.Kh2 Kh8 24.e5 dxe5 25.Bxc5 Rfe8 26.Rxb8 Rxb8 27.Rd1 Nd4 28.
Qf2 1/2-1/2

[Event "9th Paul Keres mem"]
[Site "Tallinn URS"]
[Date "1985.02.25"]
[Round "4"]
[White "Dolmatov, Sergei"]
[Black "Veingold, Aleksander"]
[Result "0-1"]
[WhiteElo "2540"]
[BlackElo "2435"]
[EventDate "1985.02.21"]
[PlyCount "110"]

1.d4 Nf6 2.Nf3 e6 3.c4 b6 4.g3 Ba6 5.b3 Bb4+ 6.Bd2 Be7 7.Bg2 c6 8.O-O d5 
9.Nc3 O-O 10.Rc1 Nbd7 11.cxd5 cxd5 12.a4 Ne4 13.Nb5 Bxb5 14.axb5 Nd6 15.
Bf4 Nxb5 16.Qd3 a6 17.e4 dxe4 18.Qxe4 Nf6 19.Qd3 Nd5 20.Bd2 Rc8 21.Ne5 
Rxc1 22.Rxc1 Bf6 23.f4 Ne7 24.Rc4 Bxe5 25.fxe5 Qd7 26.Be4 h6 27.Bc1 Rc8 
28.Bb2 Nc7 29.Rc1 a5 30.Rf1 Ned5 31.Bf3 Nb4 32.Qe4 Ncd5 33.Bh5 Rf8 34.h4 
f5 35.Qf3 Kh7 36.Qe2 Rc8 37.Rc1 Rxc1+ 38.Bxc1 Nc3 39.Qe3 Nb5 40.Bb2 Nc2 
41.Qd3 Ncxd4 42.g4 Qd5 43.gxf5 exf5 44.Qg3 Qe6 45.Qf4 Qd5 46.Qg3 Kh8 47.
Qe3 Kg8 48.Kf2 Qh1 49.Qf4 g5 50.hxg5 Qxh5 51.Bxd4 hxg5 52.Qxf5 Nxd4 53.
Qc8+ Kg7 54.Ke3 Nf3 55.Qd7+ Qf7 0-1

[Event "9th Paul Keres mem"]
[Site "Tallinn URS"]
[Date "1985.02.25"]
[Round "4"]
[White "Kuzmin, Gennady"]
[Black "Karner, Hillar"]
[Result "1/2-1/2"]
[WhiteElo "2520"]
[BlackElo "2390"]
[EventDate "1985.02.21"]
[PlyCount "81"]

1.e4 c5 2.Nf3 Nc6 3.d4 cxd4 4.Nxd4 Nf6 5.Nc3 d6 6.Bg5 e6 7.Qd2 Be7 8.O-O-O
O-O 9.Nb3 h6 10.Bxf6 Bxf6 11.Qxd6 Bxc3 12.Qxd8 Bxb2+ 13.Kxb2 Rxd8 14.Rxd8+
Nxd8 15.f4 Bd7 16.Bd3 Kf8 17.a3 Ke7 18.e5 Bc6 19.Rg1 Rc8 20.g4 b6 21.h4 
Nb7 22.h5 Rd8 23.g5 Ba4 24.gxh6 gxh6 25.Rg7 Kf8 26.Rg3 Bxb3 27.cxb3 Nc5 
28.Bc2 a5 29.Kc3 Na6 30.Rd3 Rxd3+ 31.Bxd3 Nc7 32.Be4 Nb5+ 33.Kb2 Ke7 34.a4
Nd4 35.Bd3 f6 36.exf6+ Kxf6 37.Kc3 Nf5 38.Kc4 Nd6+ 39.Kd4 Ke7 40.Bg6 Kf6 
41.Kc3 1/2-1/2

[Event "9th Paul Keres mem"]
[Site "Tallinn URS"]
[Date "1985.02.25"]
[Round "4"]
[White "Rogers, Ian"]
[Black "Pribyl, Josef"]
[Result "1-0"]
[WhiteElo "2485"]
[BlackElo "2405"]
[EventDate "1985.02.21"]
[PlyCount "51"]

1.d4 Nf6 2.Nf3 g6 3.Nc3 d5 4.Bf4 Bg7 5.e3 O-O 6.Be2 b6 7.Ne5 Bb7 8.h4 Nbd7
9.h5 Nxe5 10.dxe5 Nd7 11.hxg6 fxg6 12.Bd3 e6 13.Qg4 Nc5 14.Qh3 Nxd3+ 15.
cxd3 Kf7 16.Nb5 Qe7 17.Rc1 Rfc8 18.Ke2 Ba6 19.Nd4 c5 20.Nf3 h6 21.Bxh6 Rh8
22.Ng5+ Ke8 23.Qxe6 Qxe6 24.Nxe6 Bxe5 25.Bf4 Ke7 26.Rxh8 1-0

[Event "9th Paul Keres mem"]
[Site "Tallinn URS"]
[Date "1985.02.25"]
[Round "4"]
[White "Tal, Mikhail"]
[Black "Yrjola, Jouni"]
[Result "1/2-1/2"]
[WhiteElo "2565"]
[BlackElo "2500"]
[EventDate "1985.02.21"]
[PlyCount "41"]

1.c4 e5 2.Nc3 Bb4 3.Qc2 Nf6 4.Nf3 Qe7 5.d3 O-O 6.Bd2 c6 7.a3 Ba5 8.e4 d5 
9.cxd5 cxd5 10.Nxd5 Bxd2+ 11.Nxd2 Nxd5 12.exd5 b6 13.Be2 Bb7 14.Bf3 Qd7 
15.O-O Bxd5 16.Rac1 Na6 17.Nc4 f6 18.Bxd5+ Qxd5 19.Ne3 Qf7 20.b4 Rad8 21.
Rfd1 1/2-1/2

[Event "9th Paul Keres mem"]
[Site "Tallinn URS"]
[Date "1985.02.26"]
[Round "5"]
[White "Drasko, Milan"]
[Black "Tal, Mikhail"]
[Result "1/2-1/2"]
[WhiteElo "2460"]
[BlackElo "2565"]
[EventDate "1985.02.21"]
[PlyCount "29"]

1.Nf3 Nf6 2.c4 e6 3.Nc3 Bb4 4.Qc2 O-O 5.a3 Bxc3 6.Qxc3 b6 7.e3 Bb7 8.Be2 
d6 9.b4 e5 10.Bb2 Nbd7 11.O-O Qe7 12.d3 Ng4 13.h3 Nh6 14.d4 e4 15.d5 
1/2-1/2

[Event "9th Paul Keres mem"]
[Site "Tallinn URS"]
[Date "1985.02.26"]
[Round "5"]
[White "Gavrikov, Viktor"]
[Black "Kochiev, Alexander"]
[Result "1/2-1/2"]
[WhiteElo "2550"]
[BlackElo "2465"]
[EventDate "1985.02.21"]
[PlyCount "28"]

1.Nf3 Nf6 2.d4 e6 3.c4 Bb4+ 4.Nbd2 d5 5.e3 O-O 6.a3 Be7 7.Bd3 c5 8.dxc5 a5
9.Qc2 Nbd7 10.O-O Nxc5 11.Be2 a4 12.b4 axb3 13.Nxb3 Nxb3 14.Qxb3 Qa5 
1/2-1/2

[Event "9th Paul Keres mem"]
[Site "Tallinn URS"]
[Date "1985.02.26"]
[Round "5"]
[White "Karolyi, Tibor"]
[Black "Kuzmin, Gennady"]
[Result "0-1"]
[WhiteElo "2445"]
[BlackElo "2520"]
[EventDate "1985.02.21"]
[PlyCount "80"]

1.d4 Nf6 2.c4 e6 3.Nf3 d5 4.Nc3 Bb4 5.cxd5 exd5 6.Qa4+ Nc6 7.Bg5 O-O 8.e3 
h6 9.Bxf6 Bxc3+ 10.bxc3 Qxf6 11.Be2 b6 12.c4 dxc4 13.Qxc4 Bb7 14.O-O Rac8 
15.Rac1 Na5 16.Qb4 Rfd8 17.Rfd1 Rd5 18.e4 Rdd8 19.d5 Qf4 20.g3 Qg4 21.h3 
Qd7 22.Nh4 Qd6 23.Qd4 g6 24.Bg4 Rb8 25.Qe3 Re8 26.Qxh6 Rxe4 27.Be6 Rxe6 
28.dxe6 Qxe6 29.Rxc7 Qxh3 30.Rxb7 Nxb7 31.Qf4 Rf8 32.Qc7 Qg4 33.Re1 Qb4 
34.Re3 Na5 35.Qxa7 Qb1+ 36.Kg2 Qxa2 37.Qd7 Qc2 38.Nf3 Qc8 39.Ne5 Nc4 40.
Nxc4 Qxd7 0-1

[Event "9th Paul Keres mem"]
[Site "Tallinn URS"]
[Date "1985.02.26"]
[Round "5"]
[White "Yrjola, Jouni"]
[Black "Rogers, Ian"]
[Result "1/2-1/2"]
[WhiteElo "2500"]
[BlackElo "2485"]
[EventDate "1985.02.21"]
[PlyCount "32"]

1.d4 Nf6 2.Nf3 e6 3.c4 a6 4.Nc3 c5 5.e3 d5 6.cxd5 exd5 7.Be2 Nc6 8.O-O Bd6
9.dxc5 Bxc5 10.a3 O-O 11.b4 Ba7 12.Bb2 Re8 13.Rc1 Bg4 14.Na4 Ne4 15.Nc5 
Nxc5 16.bxc5 Rc8 1/2-1/2

[Event "9th Paul Keres mem"]
[Site "Tallinn URS"]
[Date "1985.02.28"]
[Round "6"]
[White "Dolmatov, Sergei"]
[Black "Pribyl, Josef"]
[Result "1-0"]
[WhiteElo "2540"]
[BlackElo "2405"]
[EventDate "1985.02.21"]
[PlyCount "103"]

1.e4 c5 2.Nf3 Nf6 3.e5 Nd5 4.Nc3 e6 5.Ne4 f5 6.exf6 Nxf6 7.Nxf6+ Qxf6 8.d4
cxd4 9.Nxd4 Nc6 10.Be3 d5 11.c3 a6 12.Be2 Bd6 13.O-O O-O 14.Nb3 Ne7 15.Qd2
Bd7 16.f4 Rae8 17.Rae1 Kh8 18.g3 Nf5 19.Bc5 Bxc5+ 20.Nxc5 Bc6 21.Bg4 d4 
22.cxd4 Nxd4 23.Re5 Rd8 24.Qe3 Qg6 25.h3 Rfe8 26.Bh5 Qc2 27.Qf2 Qxf2+ 28.
Kxf2 g6 29.Bg4 h5 30.Bd1 Bd5 31.a3 b6 32.Na4 b5 33.Nc5 a5 34.Rfe1 Kg7 35.
Rg5 Rc8 36.Nd3 Kf6 37.Ne5 Rg8 38.g4 hxg4 39.Nxg4+ Kf7 40.Nh6+ Kf6 41.Nxg8+
Rxg8 42.h4 Rh8 43.h5 gxh5 44.Rxh5 Rxh5 45.Bxh5 Kf5 46.Kg3 Kf6 47.Bg4 b4 
48.axb4 axb4 49.Kf2 b3 50.Ra1 Ke7 51.Rd1 Nb5 52.Bf3 1-0

[Event "9th Paul Keres mem"]
[Site "Tallinn URS"]
[Date "1985.02.28"]
[Round "6"]
[White "Karner, Hillar"]
[Black "Karolyi, Tibor"]
[Result "0-1"]
[WhiteElo "2390"]
[BlackElo "2445"]
[EventDate "1985.02.21"]
[PlyCount "110"]

1.d4 Nf6 2.c4 e6 3.Nc3 Bb4 4.e3 c5 5.Bd3 Nc6 6.Nf3 Bxc3+ 7.bxc3 d6 8.e4 e5
9.d5 Ne7 10.g3 h6 11.h3 Bd7 12.Nd2 Qa5 13.Qc2 Ng6 14.Rb1 O-O-O 15.Qb2 Qc7 
16.a4 Rdf8 17.Nf1 Ng8 18.Ne3 N8e7 19.Qc2 Kb8 20.h4 h5 21.O-O Qc8 22.a5 Bh3
23.Re1 f5 24.exf5 Nxf5 25.Nxf5 Bxf5 26.Bg5 Bxd3 27.Qxd3 Qf5 28.Qxf5 Rxf5 
29.Rb2 Kc7 30.Kg2 Rb8 31.f3 Rf7 32.Reb1 Nf8 33.a6 b6 34.Re1 Nd7 35.Re4 Nf6
36.Re3 Kd7 37.Re1 Nh7 38.Be3 Rg8 39.f4 Re8 40.Bxc5 dxc5 41.fxe5 Rf5 42.
Rbe2 g5 43.Re4 gxh4 44.e6+ Kd6 45.Rxh4 Nf6 46.Rf4 Rxf4 47.gxf4 b5 48.cxb5 
Nxd5 49.f5 c4 50.Re4 Rf8 51.Kh3 Rxf5 52.Rxc4 Ne7 53.Rd4+ Kxe6 54.b6 axb6 
55.Rb4 Nc8 0-1

[Event "9th Paul Keres mem"]
[Site "Tallinn URS"]
[Date "1985.02.28"]
[Round "6"]
[White "Kiik, Kalle"]
[Black "Yrjola, Jouni"]
[Result "0-1"]
[WhiteElo "2200"]
[BlackElo "2500"]
[EventDate "1985.02.21"]
[PlyCount "50"]

1.e4 c5 2.Nf3 d6 3.d4 cxd4 4.Nxd4 Nf6 5.Nc3 Nc6 6.Bc4 e6 7.Be3 a6 8.Qe2 
Qc7 9.O-O-O Na5 10.Bd3 b5 11.Bg5 b4 12.Nb1 Be7 13.Nd2 e5 14.Nf5 Bxf5 15.
exf5 d5 16.Rhe1 Nc6 17.f4 e4 18.Bxe4 dxe4 19.Bxf6 gxf6 20.Nxe4 Qxf4+ 21.
Kb1 Ne5 22.g3 Qxf5 23.Rf1 Qg4 24.Qe3 O-O 25.Rd4 Qg6 0-1

[Event "9th Paul Keres mem"]
[Site "Tallinn URS"]
[Date "1985.02.28"]
[Round "6"]
[White "Kuzmin, Gennady"]
[Black "Veingold, Aleksander"]
[Result "1-0"]
[WhiteElo "2520"]
[BlackElo "2435"]
[EventDate "1985.02.21"]
[PlyCount "83"]

1.e4 c5 2.Nf3 d6 3.d4 cxd4 4.Nxd4 Nf6 5.Nc3 e6 6.g3 Nc6 7.Bg2 Bd7 8.O-O 
Be7 9.Ndb5 Qb8 10.a4 O-O 11.h3 Rd8 12.Be3 b6 13.Na3 Qc7 14.Nc4 Na5 15.Nxb6
Rab8 16.Qd4 Ne8 17.Rfd1 Bf6 18.Qb4 Bxc3 19.Qxc3 Qxc3 20.bxc3 Nc6 21.c4 e5 
22.f4 exf4 23.Bxf4 Be6 24.c5 dxc5 25.Bxb8 Rxb8 26.Nd7 Bxd7 27.Rxd7 Nf6 28.
Rd6 Ne5 29.Rb1 Nfd7 30.Rbd1 Rd8 31.R6d5 f6 32.Rxc5 Nxc5 33.Rxd8+ Kf7 34.a5
Ncd7 35.Rc8 Ke6 36.Rc7 Nc6 37.Rb7 Nxa5 38.Rxa7 Nc5 39.Rxg7 Nc6 40.Bf1 Na5 
41.Rxh7 Na4 42.Bb5 1-0

[Event "9th Paul Keres mem"]
[Site "Tallinn URS"]
[Date "1985.02.28"]
[Round "6"]
[White "Rogers, Ian"]
[Black "Drasko, Milan"]
[Result "0-1"]
[WhiteElo "2485"]
[BlackElo "2460"]
[EventDate "1985.02.21"]
[PlyCount "98"]

1.e4 e6 2.Nf3 d5 3.Nc3 Nf6 4.e5 Nfd7 5.d4 c5 6.dxc5 Nc6 7.Bf4 Bxc5 8.Bd3 
f6 9.exf6 Qxf6 10.Bg3 O-O 11.O-O Nd4 12.Nxd4 Bxd4 13.Qh5 g6 14.Qe2 a6 15.
Rae1 Nc5 16.Nd1 Bd7 17.c3 Nxd3 18.Qxd3 Ba7 19.c4 Qd4 20.Qxd4 Bxd4 21.cxd5 
exd5 22.Be5 Ba7 23.Nc3 d4 24.Nd5 Bb5 25.Nf6+ Kf7 26.Nxh7 Rfe8 27.Re4 Bxf1 
28.Kxf1 Rad8 29.Rf4+ Ke6 30.Bc7 Rc8 31.Ba5 Ke5 32.Rf7 d3 33.Bc3+ Bd4 34.
f4+ Ke4 35.Nf6+ Bxf6 36.Rxf6 Rc6 37.Rf7 b5 38.a3 a5 39.Rb7 Ke3 40.Ke1 
Kxf4+ 41.Kd2 Rd6 42.Rxb5 Re2+ 43.Kd1 Rxg2 44.Bxa5 d2 45.Rb4+ Kf5 46.Rb5+ 
Kg4 47.Rb4+ Kh5 48.Bb6 Rf6 49.Rb5+ g5 0-1

[Event "9th Paul Keres mem"]
[Site "Tallinn URS"]
[Date "1985.03.01"]
[Round "7"]
[White "Drasko, Milan"]
[Black "Kiik, Kalle"]
[Result "1-0"]
[WhiteElo "2460"]
[BlackElo "2200"]
[EventDate "1985.02.21"]
[PlyCount "99"]

1.Nf3 d5 2.d4 e6 3.c4 c5 4.cxd5 exd5 5.g3 Nc6 6.Bg2 Nf6 7.O-O Be7 8.Nc3 
O-O 9.Be3 c4 10.Ne5 Be6 11.Nxc4 dxc4 12.d5 Nxd5 13.Nxd5 Bf6 14.Nxf6+ Qxf6 
15.Bxc6 bxc6 16.Qd4 Qxd4 17.Bxd4 Bd5 18.f3 f5 19.Rfd1 a6 20.Kf2 Rf7 21.
Rac1 Rb8 22.Rd2 Rfb7 23.Rcc2 Kf7 24.Bc3 Re8 25.Rd4 g5 26.h4 h6 27.hxg5 
hxg5 28.g4 f4 29.Rd1 Kg6 30.Rh1 Rbe7 31.Rh3 Re6 32.Kf1 R6e7 33.e4 fxe3 34.
Rch2 Rg8 35.Ke2 Kf7 36.Rh7+ Ke8 37.Rxe7+ Kxe7 38.Kxe3 Kf7 39.f4 Re8+ 40.
Be5 gxf4+ 41.Kxf4 Kg6 42.g5 Rf8+ 43.Bf6 Re8 44.Rh6+ Kf7 45.Bc3 Be4 46.Rf6+
Kg8 47.g6 Bb1 48.Rxc6 Bxa2 49.Rc7 Bb1 50.Rh7 1-0

[Event "9th Paul Keres mem"]
[Site "Tallinn URS"]
[Date "1985.03.01"]
[Round "7"]
[White "Gavrikov, Viktor"]
[Black "Rogers, Ian"]
[Result "1/2-1/2"]
[WhiteElo "2550"]
[BlackElo "2485"]
[EventDate "1985.02.21"]
[PlyCount "132"]

1.Nf3 Nf6 2.c4 c6 3.d4 d5 4.Nc3 dxc4 5.a4 Bg4 6.Ne5 Bh5 7.f3 Nfd7 8.Nxc4 
e5 9.Ne4 Bb4+ 10.Bd2 Qh4+ 11.g3 Qe7 12.dxe5 O-O 13.Rc1 Rd8 14.Bxb4 Qxb4+ 
15.Qd2 Qxd2+ 16.Nexd2 f6 17.exf6 Nxf6 18.Na5 b6 19.Nxc6 Nxc6 20.Rxc6 Be8 
21.Rc4 Bf7 22.Rc1 Rd4 23.b3 Rad8 24.Nc4 Bxc4 25.bxc4 Nd7 26.Bg2 Nc5 27.f4 
Nxa4 28.Bd5+ Kf8 29.Kf2 Rd2 30.Rhd1 Rb2 31.Kf3 a5 32.Rb1 b5 33.Rxb2 Nxb2 
34.Rb1 bxc4 35.Rxb2 Rxd5 36.Ke4 Rd8 37.Rc2 Ke7 38.Rxc4 Ra8 39.Rc2 a4 40.
Ra2 a3 41.Kd3 Kf6 42.h3 g6 43.e3 Ra7 44.Kd4 Ra8 45.Kd5 Ra4 46.Kc5 Kf5 47.
Kd5 h5 48.e4+ Rxe4 49.Rxa3 Re1 50.Kd4 Rh1 51.Ra5+ Kf6 52.h4 Rd1+ 53.Ke3 
Re1+ 54.Kf2 Rb1 55.Rg5 Rb2+ 56.Ke3 Rb3+ 57.Kd4 Ra3 58.Kc4 Rf3 59.Kd5 Ra3 
60.Kc6 Rf3 61.Kd6 Ra3 62.Kd7 Rd3+ 63.Ke8 Ra3 64.g4 hxg4 65.Rxg4 Ra8+ 66.
Kd7 Rh8 1/2-1/2

[Event "9th Paul Keres mem"]
[Site "Tallinn URS"]
[Date "1985.03.01"]
[Round "7"]
[White "Kochiev, Alexander"]
[Black "Tal, Mikhail"]
[Result "1/2-1/2"]
[WhiteElo "2465"]
[BlackElo "2565"]
[EventDate "1985.02.21"]
[PlyCount "21"]

1.d4 Nf6 2.Nf3 b6 3.Bg5 Bb7 4.Bxf6 exf6 5.e3 f5 6.Nc3 g6 7.h4 Bh6 8.Bd3 
Qe7 9.Qe2 d6 10.h5 Nd7 11.hxg6 1/2-1/2

[Event "9th Paul Keres mem"]
[Site "Tallinn URS"]
[Date "1985.03.01"]
[Round "7"]
[White "Veingold, Aleksander"]
[Black "Karner, Hillar"]
[Result "1/2-1/2"]
[WhiteElo "2435"]
[BlackElo "2390"]
[EventDate "1985.02.21"]
[PlyCount "24"]

1.Nf3 Nf6 2.c4 e6 3.g3 b6 4.Bg2 Bb7 5.d4 Bb4+ 6.Bd2 Be7 7.Nc3 O-O 8.O-O d5
9.cxd5 Nxd5 10.Rc1 Nxc3 11.Bxc3 Nd7 12.Qc2 Nf6 1/2-1/2

[Event "9th Paul Keres mem"]
[Site "Tallinn URS"]
[Date "1985.03.01"]
[Round "7"]
[White "Yrjola, Jouni"]
[Black "Dolmatov, Sergei"]
[Result "0-1"]
[WhiteElo "2500"]
[BlackElo "2540"]
[EventDate "1985.02.21"]
[PlyCount "88"]

1.d4 e6 2.c4 Nf6 3.Nc3 Bb4 4.e3 c5 5.Ne2 cxd4 6.exd4 d5 7.c5 Ne4 8.Bd2 
Nxd2 9.Qxd2 a5 10.a3 Bxc3 11.Nxc3 a4 12.Rc1 Bd7 13.Bd3 b6 14.O-O O-O 15.f4
Qf6 16.Kh1 bxc5 17.dxc5 g6 18.Ne2 Rc8 19.Rf3 Ra7 20.f5 exf5 21.g4 Nc6 22.
gxf5 Ne5 23.Rff1 Nxd3 24.Qxd3 Bxf5 25.Rxf5 Qxf5 26.Qxf5 gxf5 27.Nd4 Rac7 
28.c6 Rb8 29.Rc2 Kg7 30.Kg2 Kf6 31.Kf3 Ke5 32.Ke3 f4+ 33.Kd3 Rb6 34.Re2+ 
Kd6 35.Rf2 Rb8 36.Rc2 Rb6 37.Rf2 h6 38.Rc2 Rcxc6 39.Nxc6 Rxc6 40.Rg2 Ke5 
41.Re2+ Kf5 42.Re7 f6 43.Rd7 Re6 44.Rxd5+ Re5 0-1

[Event "9th Paul Keres mem"]
[Site "Tallinn URS"]
[Date "1985.03.04"]
[Round "8"]
[White "Dolmatov, Sergei"]
[Black "Drasko, Milan"]
[Result "1-0"]
[WhiteElo "2540"]
[BlackElo "2460"]
[EventDate "1985.02.21"]
[PlyCount "131"]

1.e4 e6 2.d4 d5 3.Nc3 Bb4 4.e5 c5 5.a3 Bxc3+ 6.bxc3 Ne7 7.Nf3 Nbc6 8.Be2 
Qa5 9.Bd2 Bd7 10.O-O Qc7 11.Re1 b6 12.g3 Na5 13.Bd3 Nc4 14.Bc1 h6 15.h4 
cxd4 16.cxd4 Ba4 17.h5 O-O-O 18.Nh4 Nc6 19.Qg4 Rdg8 20.Kh2 b5 21.Nf3 Qd7 
22.Bd2 g6 23.Bb4 Nxb4 24.axb4 g5 25.Kg2 Kb7 26.c3 Rc8 27.Rec1 Qe7 28.Bxc4 
Rxc4 29.Ne1 Rhc8 30.Nd3 Kb6 31.Nc5 a5 32.Rab1 axb4 33.Rxb4 R8xc5 34.dxc5+ 
Qxc5 35.Rxc4 dxc4 36.Qe4 Qd5 37.Kf3 Bd1+ 38.Ke3 Qxe4+ 39.Kxe4 Bxh5 40.Rh1 
Bg6+ 41.Kd4 h5 42.f4 gxf4 43.gxf4 Kc6 44.Ra1 Kb6 45.Ra8 Kb7 46.Rh8 Kb6 47.
Rh6 Kc6 48.f5 Bxf5 49.Rxh5 Bd3 50.Rh8 Kd7 51.Rb8 Ke7 52.Rb7+ Kf8 53.Rxb5 
Kg7 54.Rb7 Kg6 55.Re7 Bf1 56.Re8 Kg7 57.Kc5 Bd3 58.Rb8 Be2 59.Kd6 Bd3 60.
Ke7 Kg6 61.Rf8 Kf5 62.Kd6 Ke4 63.Rxf7 Be2 64.Rg7 Kd3 65.Rg3+ Kd2 66.Kc5 
1-0